Statistics for Formula 1 quiz

Click here to take the quiz!

General Stats

  • This quiz has been taken 114 times
  • The average score is 10 of 12

Answer Stats

QuestionAnswer% Correct
What team is the longest running team in formula 1?Ferrari
99%
In what country is Monza located?Italy
99%
In what year did formula 1 start?1950
98%
Who won the drivers championship in 2005?Fernando Alonso
98%
How many wins does Hamilton currently have?103
90%
What number did Giovinazzi have last season?99
90%
Who won the constructors championship in 2005?Renault
90%
Who is the GOAT?Michael Schumacher
88%
What is the longest track on the 2022 calendar?Spa
87%
What race was the first ever in formula 1?Silverstone
83%
Where is the Kyalami Grand Prix Circuit located?South Africa
72%
What circuit has only held 1 grand prix?Saudi Arabia
12%

Score Distribution

Percentile by Number Answered

Percent of People with Each Score

Your Score History

You have not taken this quiz